
Library Catalogue

| 000 -LEADER | |
|---|---|
| fixed length control field | 01160cam a2200301 a 4500 |
| 001 - CONTROL NUMBER | |
| control field | 4888930 |
| 005 - DATE AND TIME OF LATEST TRANSACTION | |
| control field | 20260322054004.0 |
| 008 - FIXED-LENGTH DATA ELEMENTS--GENERAL INFORMATION | |
| fixed length control field | 930720s1994 enkab b 001 0 eng |
| 010 ## - LIBRARY OF CONGRESS CONTROL NUMBER | |
| LC control number | 93030782 |
| 020 ## - INTERNATIONAL STANDARD BOOK NUMBER | |
| International Standard Book Number | 0521453623 |
| 020 ## - INTERNATIONAL STANDARD BOOK NUMBER | |
| International Standard Book Number | 9780521453622 |
| 035 ## - SYSTEM CONTROL NUMBER | |
| System control number | 4888930 |
| 040 ## - CATALOGING SOURCE | |
| Original cataloging agency | DLC |
| Transcribing agency | DLC |
| Modifying agency | DLC |
| 043 ## - GEOGRAPHIC AREA CODE | |
| Geographic area code | a-ii--- |
| 082 ## - DEWEY DECIMAL CLASSIFICATION NUMBER | |
| Classification number | 320.954 BRA |
| 100 1# - MAIN ENTRY--PERSONAL NAME | |
| Personal name | Brass, Paul R. |
| 245 14 - TITLE STATEMENT | |
| Title | The politics of India since independence / |
| Statement of responsibility, etc. | Paul R. Brass. |
| 250 ## - EDITION STATEMENT | |
| Edition statement | 2nd ed. |
| 260 ## - PUBLICATION, DISTRIBUTION, ETC. | |
| Place of publication, distribution, etc. | New York : |
| Name of publisher, distributor, etc. | Cambridge University Press, |
| Date of publication, distribution, etc. | 1994. |
| 300 ## - PHYSICAL DESCRIPTION | |
| Extent | xx, 403 p. : |
| Other physical details | ill. ; |
| Dimensions | 24 cm. |
| 440 #4 - SERIES STATEMENT/ADDED ENTRY--TITLE | |
| Title | The New Cambridge history of India ; |
| Volume/sequential designation | IV, 1 |
| 651 #0 - SUBJECT ADDED ENTRY--GEOGRAPHIC NAME | |
| Geographic name | India |
| General subdivision | Politics and government |
| Chronological subdivision | 1947- |
| 856 41 - ELECTRONIC LOCATION AND ACCESS | |
| Materials specified | Table of contents |
| Uniform Resource Identifier | <a href="http://www.loc.gov/catdir/toc/cam028/93030782.html">http://www.loc.gov/catdir/toc/cam028/93030782.html</a> |
| 906 ## - LOCAL DATA ELEMENT F, LDF (RLIN) | |
| a | 7 |
| b | cbc |
| c | orignew |
| d | 1 |
| e | ocip |
| f | 19 |
| g | y-gencatlg |
| 942 ## - ADDED ENTRY ELEMENTS (KOHA) | |
| Source of classification or shelving scheme | Dewey Decimal Classification |
| Koha item type | BOOKs |
| Withdrawn status | Lost status | Damaged status | Not for loan | Home library | Current library | Shelving location | Date acquired | Cost, normal purchase price | Total Checkouts | Full call number | Barcode | Checked out | Date last seen | Date last checked out | Price effective from | Koha item type |
|---|---|---|---|---|---|---|---|---|---|---|---|---|---|---|---|---|
| . | . | 30.05.2017 | 180.00 | 1 | 320.954 BRA-1 | 18957 | 20.03.2020 | 05.03.2020 | 05.03.2020 | 30.05.2017 | BOOKs | |||||
| . | . | Library Compactors | 30.05.2017 | 180.00 | 320.954 BRA-2 | 18958 | 30.05.2017 | 30.05.2017 | BOOKs | |||||||
| . | . | 30.05.2017 | 180.00 | 320.954 BRA-3 | 18959 | 30.05.2017 | 30.05.2017 | BOOKs |